| 000 | 00458nam a2200157 a 4500 | ||
|---|---|---|---|
| 001 | 000024054 | ||
| 005 | 20200930022658.0 | ||
| 008 | 110118s2010 dr 000 0 spa d | ||
| 020 | _z978994516370 | ||
| 040 |
_aDO-SdBNP _bspa _cBNPHU |
||
| 110 | 1 |
_aRepública Dominicana. _bPartido Revolucionario Dominicano _949427 |
|
| 245 | 1 | 0 | _aDeclaración de principios del PRD. |
| 260 |
_aSanto Domingo : _bBúho, _c2010. |
||
| 300 |
_a39 p. ; _c21 cm. |
||
| 049 | _aBNPD | ||
| 999 |
_c23549 _d23549 |
||